| 000 | 00749nam a2200241 i 4500 | ||
|---|---|---|---|
| 001 | 94194 | ||
| 003 | ES-MaACL | ||
| 005 | 20230906181425.0 | ||
| 007 | t| | ||
| 008 | 050630s2005 sp ||||1| spa d | ||
| 020 | _a84-397-1215-4 | ||
| 080 | _a821.112.2(436)-31"19" | ||
| 100 | 1 |
_aJelinek, Elfriede. _966278 |
|
| 245 | 1 | 4 |
_aLos excluidos / _cElfriede Jelinek ; traducción de Carmen Vázquez de Castro. |
| 250 | _a1ª ed. en esta colección. | ||
| 260 |
_aBarcelona : _bMondadori, _c2005. |
||
| 300 |
_a250 p. ; _c23 cm. |
||
| 490 | 1 |
_aLiteratura Mondadori ; _v263 |
|
| 700 | 1 |
_aVázquez de Castro, Carmen. _9113414 |
|
| 830 | 0 |
_aLiteratura Mondadori ; _v263 _9178630 |
|
| 852 |
_aES-MaACL _jL-29242 _bR.135893 |
||
| 999 |
_c94194 _d94194 |
||